书目信息 |
| 题名: |
语文学习的基础
|
|
| 作者: | ;中华函授学校 编 | |
| 分册: | ||
| 出版信息: | 北京 商务印书馆 1980 |
|
| 页数: | 314页 | |
| 开本: | 19cm | |
| 丛书名: | 语文学习讲座丛书 | |
| 单 册: | ||
| 中图分类: | H09 | |
| 科图分类: | ||
| 主题词: | 语言教学 | |
| 电子资源: | ||
| ISBN: | ||
| 000 | 00717nam2 2200253 45 | |
| 001 | 0180004876 | |
| 005 | 20060814145303.51 | |
| 010 | @dCNY0.70 | |
| 091 | @a9017.1033 | |
| 100 | @a19950511d1980 em y0chiy0121 ea | |
| 101 | 0 | @achi |
| 102 | @aCN@b110000 | |
| 105 | @ay z 000yy | |
| 200 | 10 | @a语文学习的基础@Ayu wen xue xi de ji chu@f中华函授学校编@Fzhong hua han shou xue xiao bian |
| 210 | @a北京@c商务印书馆@d1980 | |
| 215 | @a314页@d19cm | |
| 225 | 2 | @a语文学习讲座丛书@v3 |
| 410 | 0 | @120010@a语文学习讲座丛书 |
| 606 | 0 | @a语言教学 |
| 690 | @aH09 | |
| 711 | 02 | @a中华函授学校@Azhong hua han shou xue xiao@4编 |
| 801 | 0 | @aCN@b上海图书馆@c20060814 |
| 801 | 2 | @aCN@bNLC@c20060814 |
| 905 | @dH09@e105:1 | |
| 语文学习的基础/中华函授学校编.-北京:商务印书馆,1980 |
| 314页;19cm.-(语文学习讲座丛书;3) |
| ISBN :CNY0.70 |
| ● |
| 相关链接 |
|
|
|
|
正题名:语文学习的基础
索取号:H09/105:1
 
预约/预借
| 序号 | 登录号 | 条形码 | 馆藏地/架位号 | 状态 | 备注 |
| 1 | 0435912 | 204359121 | 密集书库/ [索取号:H09/105:1] | 在馆 | |
| 2 | 0450823 | 204508238 | 密集书库/ [索取号:H09/105:1] | 在馆 | |
| 3 | 0459728 | 204597285 | 密集书库/ [索取号:H09/105:1] | 在馆 | |
| 4 | 0462452 | 204624521 | 密集书库/ [索取号:H09/105:1] | 在馆 |